000 00619nam a2200229Ia 4500
003 OSt
005 20221007071119.0
006 a|||||r|||| 00| 0
007 ta
008 221006b |||||||| |||| 00| 0 eng d
024 _a1,885
037 _cTextual
040 _aFLL
_cFLL
_beng
041 _2eng
_aeng
082 _aZ:910S, L1
100 _aEhrenzweig A. A. Au.
_9688167
245 0 _aPsychoanalytic Jurisprudence
260 _aLeiden
_bOcean publications Inc. N. Y.
_c1971
650 _aJurisprudence
942 _hZ:910S, L1
_cTEXL
_2CC
999 _c1142491
_d1142491